000 00890nam a22002417a 4500
999 _c1407
_d1407
001 1407
003 BD-JhCC
005 20171022134008.0
008 171018s2006 bg |||| |||| 000 0 ben d
020 _a9848683844
035 _a(BD-JhCC)1407
040 _aBD-JhCC
_dBD-JhCC
041 _aben
082 _a822.33
_bSHA 2006
100 _aশেকসপীয়র, উইলিয়াম
245 _aউইলিয়াম শেকসপীয়রের তিনটি নাটক /
_cউইলিয়াম শেকসপীয়র; সৈয়দ শামসুল হক (আনু.)
260 _aঢাকা:
_bঅন্যপ্রকাশ,
_c২০০৬.
300 _a৩৪২ পৃ. :
_c২২ সেমি.
650 _aEnglish Drama
700 _aহক, সৈয়দ শামসুল
942 _2ddc
_cBK